U.S. States With "er" Demonyms - Statistics

General Stats
  • This quiz has been taken 17 times
  • The average score is 6 of 7
Answer Stats
State % Correct
Maine (Mainer)
88%
Maryland (Marylander)
88%
Michigan (Michigander)
88%
Vermont (Vermonter)
81%
New York (New Yorker)
75%
Rhode Island (Rhode Islander)
75%
Connecticut (Connecticuter)
63%
No matching quizzes found
Score Distribution
Percent of People with Each Score
Percentile by Number Answered
Your Score History
You have not taken this quiz